000 00673nam a2200193 a 4500
003 0
005 20250210093942.0
008 120718s19uu xx 00 eng d
050 _aPGS TP 359.O45
_b.J33 2012
100 _aJang, Youn Sun.
245 _aThe use of cooking oil as alternative fuel for lamp /
_cJang Youn Sun.
260 _aLas PiƱas City, Philippines :
_bSouthville International School and Colleges,
_c2012.
300 _a15 pages :
_billustrations ;
_c28 cm.
504 _aIncludes bibliographical references.
650 _aVegetable oils as fuel.
650 _aFuel efficiency
_vComparative studies.
650 _aBiofuels
_vTesting.
942 _2lcc
_cPASS
999 _c98718
_d98718